[Event "Russiarapid"]
[Site "?"]
[Date "2016.10.02"]
[Round "1.1"]
[White "Andreikin, Dmitry"]
[Black "Tenikashvili, Georgij"]
[Result "1-0"]
[LiveChessVersion "1.4.4"]
[BlackElo "2289"]
[WhiteElo "2743"]

1. e4 {[%clk 0:15:14]} c6 {[%clk 0:15:17]} 2. Nf3 {[%clk 0:15:13]} d5
{[%clk 0:15:22]} 3. Nc3 {[%clk 0:15:21]} Bg4 {[%clk 0:15:25]} 4. h3
{[%clk 0:15:27]} Bh5 {[%clk 0:14:19]} 5. d3 {[%clk 0:14:23]} e6 {[%clk 0:14:13]}
6. g4 {[%clk 0:14:28]} Bg6 {[%clk 0:14:19]} 7. Qe2 {[%clk 0:14:36]} Bb4
{[%clk 0:12:46]} 8. Bd2 {[%clk 0:14:42]} Ne7 {[%clk 0:10:15]} 9. a3
{[%clk 0:14:43]} Ba5 {[%clk 0:10:15]} 10. h4 {[%clk 0:14:47]} h5 {[%clk 0:10:18]}
11. g5 {[%clk 0:14:55]} Nd7 {[%clk 0:10:10]} 12. Bh3 {[%clk 0:15:00]} Qc7
{[%clk 0:09:22]} 13. O-O-O {[%clk 0:14:58]} Bxc3 {[%clk 0:08:00]} 14. Bxc3
{[%clk 0:14:47]} dxe4 {[%clk 0:08:08]} 15. dxe4 {[%clk 0:14:42]} Qf4+
{[%clk 0:07:37]} 16. Qd2 {[%clk 0:14:36]} Qxd2+ {[%clk 0:07:05]} 17. Nxd2
{[%clk 0:14:44]} Rg8 {[%clk 0:06:20]} 18. Nc4 {[%clk 0:14:37]} O-O-O
{[%clk 0:06:20]} 19. f3 {[%clk 0:14:30]} Kc7 {[%clk 0:05:44]} 20. Rd2
{[%clk 0:13:50]} c5 {[%clk 0:03:05]} 21. Ne5 {[%clk 0:13:21]} Nxe5
{[%clk 0:03:09]} 22. Bxe5+ {[%clk 0:13:29]} Kb6 {[%clk 0:02:52]} 23. Rxd8
{[%clk 0:13:12]} Rxd8 {[%clk 0:03:01]} 24. Bxg7 {[%clk 0:13:19]} Nc6
{[%clk 0:03:02]} 25. Bf6 {[%clk 0:12:59]} Rd7 {[%clk 0:03:09]} 26. Rd1
{[%clk 0:13:06]} Rxd1+ {[%clk 0:03:10]} 27. Kxd1 {[%clk 0:13:14]} Nd4
{[%clk 0:03:17]} 28. Bg2 {[%clk 0:13:09]} Nb5 {[%clk 0:02:27]} 29. Kd2
{[%clk 0:13:02]} Nd6 {[%clk 0:02:33]} 30. b3 {[%clk 0:13:08]} Kc6
{[%clk 0:02:34]} 31. Ke3 {[%clk 0:13:12]} b5 {[%clk 0:01:56]} 32. f4
{[%clk 0:13:05]} Kd7 {[%clk 0:02:04]} 33. Be5 {[%clk 0:13:10]} a5
{[%clk 0:02:07]} 34. Bf3 {[%clk 0:12:01]} Ke7 {[%clk 0:01:52]} 35. c3
{[%clk 0:11:49]} Kd7 {[%clk 0:01:53]} 36. Bxd6 {[%clk 0:11:39]} Kxd6
{[%clk 0:02:02]} 37. b4 {[%clk 0:11:47]} axb4 {[%clk 0:01:16]} 38. axb4
{[%clk 0:11:55]} cxb4 {[%clk 0:00:22]} 39. cxb4 {[%clk 0:12:03]} Kd7
{[%clk 0:00:25]} 40. Kd4 {[%clk 0:12:01]} Kd6 {[%clk 0:00:34]} 41. e5+
{[%clk 0:12:07]} Kc7 {[%clk 0:00:43]} 42. Ke4 1-0

[Event "Russiarapid"]
[Site "?"]
[Date "2016.10.02"]
[Round "1.8"]
[White "Shtyka, Sergey"]
[Black "Riazantsev, Alexander"]
[Result "0-1"]
[LiveChessVersion "1.4.4"]
[BlackElo "2685"]
[WhiteElo "2249"]

1. Nf3 {[%clk 0:15:17]} d5 {[%clk 0:15:15]} 2. c4 {[%clk 0:15:24]} d4
{[%clk 0:15:17]} 3. e4 {[%clk 0:15:13]} Nc6 {[%clk 0:15:03]} 4. d3
{[%clk 0:15:15]} e5 {[%clk 0:15:12]} 5. Be2 {[%clk 0:15:14]} h6 {[%clk 0:14:47]}
6. O-O {[%clk 0:15:16]} Be6 {[%clk 0:14:45]} 7. Na3 {[%clk 0:13:48]} Nf6
{[%clk 0:14:42]} 8. Nc2 {[%clk 0:13:50]} a5 {[%clk 0:14:47]} 9. b3
{[%clk 0:13:23]} Bd6 {[%clk 0:14:26]} 10. Bd2 {[%clk 0:13:14]} O-O
{[%clk 0:14:14]} 11. a3 {[%clk 0:13:20]} Nd7 {[%clk 0:12:46]} 12. b4
{[%clk 0:13:01]} b6 {[%clk 0:12:55]} 13. Nfe1 {[%clk 0:11:14]} Ne7
{[%clk 0:10:30]} 14. Bg4 {[%clk 0:08:50]} Bxg4 {[%clk 0:06:44]} 15. Qxg4
{[%clk 0:08:58]} Kh8 {[%clk 0:06:22]} 16. g3 {[%clk 0:07:15]} c5 {[%clk 0:06:22]}
17. Ng2 {[%clk 0:06:35]} Qc7 {[%clk 0:05:05]} 18. Nh4 {[%clk 0:06:10]} b5
{[%clk 0:04:53]} 19. cxb5 {[%clk 0:05:22]} cxb4 {[%clk 0:05:02]} 20. Rac1
{[%clk 0:03:13]} Nc5 {[%clk 0:05:12]} 21. Nxb4 {[%clk 0:03:11]} axb4
{[%clk 0:05:21]} 22. axb4 Qd7 {[%clk 0:05:30]} 23. Nf5 {[%clk 0:02:55]} Ne6
{[%clk 0:04:33]} 24. Nxg7 {[%clk 0:02:55]} Rg8 {[%clk 0:02:16]} 25. Bxh6
{[%clk 0:03:00]} f5 {[%clk 0:02:25]} 26. Qh3 {[%clk 0:02:26]} Rxg7
{[%clk 0:02:32]} 27. Bxg7+ Kxg7 {[%clk 0:02:41]} 28. exf5 {[%clk 0:02:35]} Nf8
{[%clk 0:02:19]} 29. Qg4+ {[%clk 0:02:07]} Kh8 {[%clk 0:01:57]} 30. Qe4
{[%clk 0:01:59]} Rb8 {[%clk 0:01:58]} 31. f6 {[%clk 0:02:01]} Ng8
{[%clk 0:01:53]} 32. Qh4+ {[%clk 0:01:35]} Nh7 {[%clk 0:01:51]} 33. Rc6
{[%clk 0:00:51]} Ngxf6 {[%clk 0:01:59]} 34. Rfc1 {[%clk 0:00:57]} Rxb5
{[%clk 0:02:07]} 35. Qh6 {[%clk 0:00:44]} Rb8 {[%clk 0:01:56]} 36. b5
{[%clk 0:00:53]} Bf8 {[%clk 0:01:36]} 37. Qg6 {[%clk 0:00:54]} Qg7
{[%clk 0:01:34]} 38. Qf5 {[%clk 0:00:55]} Rxb5 {[%clk 0:01:35]} 39. Rc7
{[%clk 0:01:00]} Qg5 {[%clk 0:00:56]} 40. Qe6 {[%clk 0:00:42]} Rb2
{[%clk 0:01:01]} 41. R1c2 {[%clk 0:00:32]} Rxc2 {[%clk 0:00:50]} 42. Rxc2
{[%clk 0:00:41]} Qg4 {[%clk 0:00:59]} 43. Qc4 {[%clk 0:00:20]} Ng5
{[%clk 0:00:55]} 44. Qc8 {[%clk 0:00:20]} Qd1+ {[%clk 0:00:39]} 45. Kg2
{[%clk 0:00:29]} Qf3+ {[%clk 0:00:48]} 46. Kf1 {[%clk 0:00:26]} Qxd3+
{[%clk 0:00:41]} 47. Kg2 {[%clk 0:00:21]} Qf3+ {[%clk 0:00:47]} 48. Kg1
{[%clk 0:00:28]} Ng4 {[%clk 0:00:44]} 49. h4 {[%clk 0:00:16]} Nh3+
{[%clk 0:00:48]} 50. Kf1 {[%clk 0:00:25]} Ne3+ {[%clk 0:00:50]} 0-1

[Event "Russiarapid"]
[Site "?"]
[Date "2016.10.02"]
[Round "1.18"]
[White "Tsoi, Dmitry"]
[Black "Chigaev, Maksim"]
[Result "0-1"]
[LiveChessVersion "1.4.4"]
[BlackElo "2627"]
[WhiteElo "2145"]

1. e4 {[%clk 0:15:18]} c6 {[%clk 0:15:19]} 2. d4 {[%clk 0:15:26]} d5
{[%clk 0:15:27]} 3. Nc3 {[%clk 0:15:35]} dxe4 {[%clk 0:15:35]} 4. Nxe4
{[%clk 0:15:44]} Bf5 {[%clk 0:15:44]} 5. Ng3 {[%clk 0:15:53]} Bg6
{[%clk 0:15:53]} 6. h4 {[%clk 0:16:01]} h6 {[%clk 0:16:01]} 7. Nf3
{[%clk 0:16:10]} e6 {[%clk 0:16:07]} 8. h5 {[%clk 0:16:18]} Bh7 {[%clk 0:16:16]}
9. Bd3 {[%clk 0:16:27]} Bxd3 {[%clk 0:16:24]} 10. Qxd3 {[%clk 0:16:35]} Nf6
{[%clk 0:16:33]} 11. Bd2 {[%clk 0:16:40]} c5 {[%clk 0:16:42]} 12. O-O-O
{[%clk 0:16:40]} Nc6 {[%clk 0:16:50]} 13. Be3 {[%clk 0:16:29]} Qd5
{[%clk 0:16:37]} 14. c4 {[%clk 0:16:28]} Qd8 {[%clk 0:14:29]} 15. d5
{[%clk 0:15:31]} exd5 {[%clk 0:14:18]} 16. Rhe1 {[%clk 0:15:02]} Bd6
{[%clk 0:10:40]} 17. Bxh6+ {[%clk 0:11:02]} Kf8 {[%clk 0:10:47]} 18. Bg5
{[%clk 0:11:10]} Qc7 {[%clk 0:06:53]} 19. h6 {[%clk 0:09:57]} Bf4+
{[%clk 0:06:33]} 20. Kb1 {[%clk 0:10:06]} Bxg5 {[%clk 0:06:31]} 21. hxg7+
{[%clk 0:09:43]} Kxg7 {[%clk 0:06:39]} 22. Nxg5 {[%clk 0:09:22]} Qf4
{[%clk 0:06:36]} 23. Nh3 {[%clk 0:07:38]} dxc4 {[%clk 0:05:37]} 24. Qc3
{[%clk 0:05:55]} Qg4 {[%clk 0:05:27]} 25. Rd5 {[%clk 0:04:54]} Rxh3
{[%clk 0:04:56]} 26. gxh3 {[%clk 0:04:52]} Qg6+ {[%clk 0:05:05]} 27. Kc1
{[%clk 0:04:34]} Nb4 {[%clk 0:03:38]} 28. Nh5+ {[%clk 0:04:16]} Kf8
{[%clk 0:03:44]} 29. Qxc4 {[%clk 0:03:34]} Nfxd5 {[%clk 0:03:35]} 30. Ng3
{[%clk 0:02:45]} Nd3+ {[%clk 0:03:39]} 31. Kd2 {[%clk 0:02:48]} Nxe1
{[%clk 0:03:27]} 32. Qxd5 {[%clk 0:02:45]} Re8 {[%clk 0:03:35]} 33. Qxc5+
{[%clk 0:01:48]} Kg8 {[%clk 0:03:41]} 34. Nf5 {[%clk 0:01:18]} Nf3+
{[%clk 0:03:44]} 35. Kc3 {[%clk 0:01:16]} Qc6 {[%clk 0:03:33]} 36. Kd4 0-1

[Event "Russiarapid"]
[Site "?"]
[Date "2016.10.02"]
[Round "2.13"]
[White "Apryshko, Gleb"]
[Black "Khismatullin, Denis"]
[Result "0-1"]
[LiveChessVersion "1.4.4"]
[BlackElo "2668"]
[WhiteElo "2441"]

1. e4 {[%clk 0:15:19]} c5 {[%clk 0:15:16]} 2. Nf3 {[%clk 0:15:28]} d6
{[%clk 0:15:25]} 3. Bb5+ {[%clk 0:15:37]} Nd7 {[%clk 0:15:33]} 4. c3
{[%clk 0:15:44]} Ngf6 {[%clk 0:15:24]} 5. Qe2 {[%clk 0:15:52]} a6
{[%clk 0:15:03]} 6. Ba4 {[%clk 0:16:01]} b5 {[%clk 0:14:51]} 7. Bc2
{[%clk 0:16:10]} Bb7 {[%clk 0:15:00]} 8. d3 {[%clk 0:14:15]} g6 {[%clk 0:14:51]}
9. O-O {[%clk 0:14:01]} Bg7 {[%clk 0:14:59]} 10. Re1 {[%clk 0:13:08]} O-O
{[%clk 0:14:59]} 11. h3 {[%clk 0:12:01]} e5 {[%clk 0:15:02]} 12. Nbd2
{[%clk 0:08:14]} Re8 {[%clk 0:14:58]} 13. b4 {[%clk 0:08:19]} Rc8
{[%clk 0:12:35]} 14. Nb3 {[%clk 0:08:22]} d5 {[%clk 0:11:48]} 15. Ba3
{[%clk 0:07:01]} Bf8 {[%clk 0:08:53]} 16. Rac1 {[%clk 0:05:36]} Ba8
{[%clk 0:07:39]} 17. Nfd2 {[%clk 0:04:30]} d4 {[%clk 0:06:05]} 18. cxd4
{[%clk 0:04:18]} cxb4 {[%clk 0:05:11]} 19. Bb2 {[%clk 0:04:27]} exd4
{[%clk 0:05:00]} 20. Nxd4 {[%clk 0:03:14]} Nd5 {[%clk 0:04:59]} 21. Bb3
{[%clk 0:02:18]} Nc3 {[%clk 0:04:49]} 22. Bxc3 {[%clk 0:02:27]} bxc3
{[%clk 0:04:54]} 23. N2f3 {[%clk 0:02:36]} Bg7 24. Qe3 b4 {[%clk 0:02:41]} 25.
Ng5 {[%clk 0:02:27]} Re7 {[%clk 0:01:45]} 26. Ndf3 {[%clk 0:00:12]} Nc5
{[%clk 0:01:04]} 27. Bc4 {[%clk 0:00:14]} h6 {[%clk 0:01:02]} 28. Nxf7
{[%clk 0:00:22]} Rxf7 {[%clk 0:01:10]} 29. d4 {[%clk 0:00:31]} Nxe4
{[%clk 0:00:47]} 30. Bxf7+ {[%clk 0:00:40]} Kxf7 {[%clk 0:00:55]} 31. Qf4+
{[%clk 0:00:49]} Nf6 {[%clk 0:00:30]} 32. Ne5+ {[%clk 0:00:58]} Kg8
{[%clk 0:00:39]} 33. Nxg6 {[%clk 0:01:07]} Rc7 {[%clk 0:00:27]} 34. Qf5
{[%clk 0:00:36]} Qd5 {[%clk 0:00:23]} 35. Qe6+ {[%clk 0:00:16]} Qxe6
{[%clk 0:00:23]} 36. Rxe6 {[%clk 0:00:25]} a5 {[%clk 0:00:15]} 37. Ra6
{[%clk 0:00:25]} Be4 {[%clk 0:00:23]} 38. Nf4 {[%clk 0:00:32]} Nd5
{[%clk 0:00:14]} 39. Ne6 {[%clk 0:00:26]} Re7 {[%clk 0:00:22]} 40. f3
{[%clk 0:00:16]} Bf5 {[%clk 0:00:17]} 41. Nxg7 {[%clk 0:00:21]} Kxg7
{[%clk 0:00:19]} 42. Rxa5 {[%clk 0:00:27]} Nf4 {[%clk 0:00:25]} 43. Kf1
{[%clk 0:00:14]} Bd3+ {[%clk 0:00:20]} 44. Kf2 {[%clk 0:00:24]} Bg6
{[%clk 0:00:19]} 45. Kf1 {[%clk 0:00:17]} Nd3 {[%clk 0:00:20]} 46. Ra1
{[%clk 0:00:25]} c2 {[%clk 0:00:23]} 47. Ra4 {[%clk 0:00:14]} Be8
{[%clk 0:00:17]} 0-1

[Event "Russiarapid"]
[Site "?"]
[Date "2016.10.02"]
[Round "4.6"]
[White "Morozevich, Alexander"]
[Black "Shaposhnikov, Evgeny"]
[Result "0-1"]
[LiveChessVersion "1.4.4"]
[BlackElo "2566"]
[WhiteElo "2716"]

1. e4 {[%clk 0:15:15]} c5 {[%clk 0:15:19]} 2. b3 {[%clk 0:15:22]} Nf6
{[%clk 0:15:21]} 3. e5 {[%clk 0:15:30]} Nd5 {[%clk 0:15:30]} 4. Bb2
{[%clk 0:15:40]} g6 {[%clk 0:15:39]} 5. h4 {[%clk 0:10:09]} Bg7 {[%clk 0:14:34]}
6. h5 {[%clk 0:10:17]} d6 {[%clk 0:14:01]} 7. Bb5+ {[%clk 0:05:33]} Nc6
{[%clk 0:13:58]} 8. Qe2 {[%clk 0:05:18]} O-O {[%clk 0:12:49]} 9. hxg6
{[%clk 0:05:13]} fxg6 {[%clk 0:12:34]} 10. Qc4 {[%clk 0:03:56]} dxe5
{[%clk 0:08:54]} 11. Bxc6 {[%clk 0:04:04]} bxc6 {[%clk 0:08:52]} 12. Ne2
{[%clk 0:03:41]} Be6 {[%clk 0:07:24]} 13. Qh4 {[%clk 0:03:39]} h6
{[%clk 0:07:27]} 14. Qg3 {[%clk 0:03:43]} Bf5 {[%clk 0:05:09]} 15. Bxe5
{[%clk 0:03:17]} Bxe5 {[%clk 0:05:14]} 16. Qxe5 {[%clk 0:03:25]} Qd6
{[%clk 0:05:19]} 17. Qxd6 {[%clk 0:02:46]} exd6 {[%clk 0:05:28]} 18. d3
{[%clk 0:02:55]} Rae8 {[%clk 0:05:02]} 19. Kd2 {[%clk 0:03:02]} Bxd3
{[%clk 0:04:20]} 20. cxd3 {[%clk 0:03:11]} Rxf2 21. Re1 Rxg2 {[%clk 0:04:18]} 22.
a3 {[%clk 0:03:30]} h5 {[%clk 0:03:38]} 23. Ra2 {[%clk 0:02:58]} h4
{[%clk 0:03:41]} 24. Nbc3 {[%clk 0:03:08]} Nxc3 25. Kxc3 h3 {[%clk 0:03:47]} 26.
Nf4 {[%clk 0:03:27]} Rxe1 {[%clk 0:03:50]} 27. Nxg2 {[%clk 0:03:37]} h2
{[%clk 0:03:53]} 28. Nxe1 {[%clk 0:03:46]} h1=Q {[%clk 0:04:01]} 29. Re2
{[%clk 0:03:56]} Kf7 {[%clk 0:03:53]} 30. Nc2 {[%clk 0:04:05]} Qh8+
{[%clk 0:03:58]} 31. Kd2 {[%clk 0:04:13]} Qb2 {[%clk 0:04:02]} 32. b4
{[%clk 0:04:23]} cxb4 {[%clk 0:03:58]} 33. axb4 {[%clk 0:04:33]} g5
{[%clk 0:04:01]} 34. Re4 {[%clk 0:04:42]} d5 {[%clk 0:03:32]} 35. Re3
{[%clk 0:04:49]} d4 {[%clk 0:03:14]} 36. Rg3 {[%clk 0:04:58]} Kg6
{[%clk 0:03:03]} 37. Kd1 {[%clk 0:05:07]} Kh5 {[%clk 0:02:26]} 38. Rf3
{[%clk 0:04:35]} g4 {[%clk 0:02:04]} 39. Rf4 {[%clk 0:04:39]} g3 {[%clk 0:01:56]}
40. Nxd4 {[%clk 0:04:35]} g2 {[%clk 0:01:49]} 41. Ne2 {[%clk 0:04:40]} Qxe2+
{[%clk 0:01:30]} 42. Kxe2 {[%clk 0:04:48]} g1=Q {[%clk 0:01:35]} 43. Rc4
{[%clk 0:04:57]} Qg2+ {[%clk 0:01:35]} 44. Ke3 {[%clk 0:05:05]} Kg6
{[%clk 0:01:41]} 45. Kd4 {[%clk 0:04:50]} Kf6 {[%clk 0:01:31]} 46. Kc3
{[%clk 0:04:59]} Ke6 {[%clk 0:01:32]} 47. Rc5 {[%clk 0:04:42]} Kd6
{[%clk 0:01:38]} 48. Ra5 {[%clk 0:04:51]} Qf2 {[%clk 0:01:39]} 49. d4
{[%clk 0:04:59]} Qe3+ {[%clk 0:01:44]} 50. Kc4 {[%clk 0:05:08]} a6
{[%clk 0:01:31]} 0-1

[Event "Russiarapid"]
[Site "?"]
[Date "2016.10.02"]
[Round "5.3"]
[White "Shaposhnikov, Evgeny"]
[Black "Popov, Ivan"]
[Result "1/2-1/2"]
[LiveChessVersion "1.4.4"]
[BlackElo "2695"]
[WhiteElo "2566"]

1. Nf3 {[%clk 0:15:18]} Nf6 {[%clk 0:15:13]} 2. c4 {[%clk 0:15:25]} e6
{[%clk 0:15:20]} 3. Nc3 {[%clk 0:15:24]} d5 {[%clk 0:15:28]} 4. d4
{[%clk 0:15:30]} dxc4 {[%clk 0:15:35]} 5. e4 {[%clk 0:14:50]} Bb4
{[%clk 0:15:42]} 6. Bxc4 {[%clk 0:14:52]} Nxe4 {[%clk 0:15:42]} 7. O-O
{[%clk 0:14:56]} Nxc3 {[%clk 0:15:44]} 8. bxc3 {[%clk 0:15:04]} Be7
{[%clk 0:15:53]} 9. Ne5 {[%clk 0:14:54]} Nc6 {[%clk 0:15:33]} 10. Qg4
{[%clk 0:14:15]} O-O {[%clk 0:15:18]} 11. Bf4 {[%clk 0:13:40]} f5
{[%clk 0:12:24]} 12. Qg3 {[%clk 0:13:41]} Bd6 {[%clk 0:11:30]} 13. Rfe1
{[%clk 0:12:48]} Nxe5 {[%clk 0:11:20]} 14. Bxe5 {[%clk 0:12:52]} Bxe5
{[%clk 0:08:57]} 15. Rxe5 {[%clk 0:12:59]} Kh8 {[%clk 0:08:32]} 16. Rae1
{[%clk 0:12:49]} Qd6 {[%clk 0:08:03]} 17. Bxe6 {[%clk 0:11:55]} Bxe6
{[%clk 0:08:03]} 18. Rxe6 {[%clk 0:12:04]} Qxg3 {[%clk 0:08:12]} 19. hxg3
{[%clk 0:11:56]} Kg8 {[%clk 0:08:19]} 20. R1e5 {[%clk 0:09:21]} g6
{[%clk 0:08:03]} 21. f3 {[%clk 0:08:52]} Rad8 {[%clk 0:07:36]} 22. Kf2
{[%clk 0:08:55]} Rd6 {[%clk 0:06:51]} 23. Rxd6 {[%clk 0:06:37]} cxd6
{[%clk 0:07:00]} 24. Re6 {[%clk 0:06:43]} Rc8 {[%clk 0:03:21]} 25. Rxd6
{[%clk 0:06:49]} Rxc3 {[%clk 0:03:25]} 26. Rd8+ {[%clk 0:06:57]} Kf7
{[%clk 0:03:01]} 27. Rd7+ {[%clk 0:07:02]} Ke6 {[%clk 0:03:10]} 28. Rxb7
{[%clk 0:06:51]} Rc2+ {[%clk 0:03:01]} 29. Ke3 {[%clk 0:06:42]} Rxa2
{[%clk 0:02:59]} 30. Rxh7 {[%clk 0:06:30]} Ke5 31. Ke4+ 1/2-1/2

[Event "Russiarapid"]
[Site "?"]
[Date "2016.10.02"]
[Round "5.6"]
[White "Rakhmanov, Aleksandr"]
[Black "Matlakov, Maxim"]
[Result "0-1"]
[LiveChessVersion "1.4.4"]
[BlackElo "2659"]
[WhiteElo "2528"]

1. c4 {[%clk 0:15:17]} Nf6 {[%clk 0:15:17]} 2. Nc3 {[%clk 0:15:25]} e6
{[%clk 0:15:24]} 3. e4 {[%clk 0:15:24]} d5 {[%clk 0:15:32]} 4. exd5
{[%clk 0:15:32]} exd5 {[%clk 0:15:39]} 5. d4 {[%clk 0:15:41]} Bb4
{[%clk 0:15:14]} 6. Bd3 {[%clk 0:15:49]} O-O {[%clk 0:15:17]} 7. Nge2
{[%clk 0:15:57]} dxc4 {[%clk 0:14:34]} 8. Bxc4 {[%clk 0:16:03]} Nbd7
{[%clk 0:14:07]} 9. O-O {[%clk 0:16:06]} Nb6 {[%clk 0:14:16]} 10. Bb3
{[%clk 0:16:15]} Bf5 {[%clk 0:13:35]} 11. Ng3 {[%clk 0:15:26]} Bg6
{[%clk 0:13:23]} 12. f4 {[%clk 0:15:10]} h6 {[%clk 0:12:38]} 13. f5
{[%clk 0:15:16]} Bh7 {[%clk 0:12:47]} 14. Bf4 {[%clk 0:13:59]} Nbd5
{[%clk 0:10:39]} 15. Nxd5 {[%clk 0:11:04]} Nxd5 {[%clk 0:10:48]} 16. Bd2
{[%clk 0:09:15]} Bd6 {[%clk 0:07:56]} 17. Qf3 {[%clk 0:05:56]} Nf6
{[%clk 0:08:04]} 18. Rae1 {[%clk 0:05:06]} c6 {[%clk 0:07:28]} 19. Nh5
{[%clk 0:03:42]} Nxh5 {[%clk 0:04:32]} 20. Qxh5 {[%clk 0:03:49]} Qf6
{[%clk 0:04:41]} 21. Bc3 {[%clk 0:03:16]} Rae8 {[%clk 0:04:49]} 22. Rxe8
{[%clk 0:01:38]} Rxe8 {[%clk 0:04:58]} 23. d5 {[%clk 0:01:31]} Be5
{[%clk 0:04:37]} 0-1

[Event "Russiarapid"]
[Site "?"]
[Date "2016.10.02"]
[Round "5.17"]
[White "Levin, Evgeny A."]
[Black "Denisov, Ivan"]
[Result "1/2-1/2"]
[LiveChessVersion "1.4.4"]
[BlackElo "2329"]
[WhiteElo "2585"]

1. d4 {[%clk 0:15:18]} Nf6 {[%clk 0:15:18]} 2. c4 {[%clk 0:15:26]} e6
{[%clk 0:15:26]} 3. Nf3 {[%clk 0:15:34]} b6 {[%clk 0:15:35]} 4. g3
{[%clk 0:15:42]} Ba6 {[%clk 0:15:43]} 5. Qc2 {[%clk 0:15:50]} d5 {[%clk 0:14:58]}
6. cxd5 {[%clk 0:15:40]} exd5 {[%clk 0:15:05]} 7. Bg2 {[%clk 0:14:54]} Be7
{[%clk 0:15:11]} 8. O-O {[%clk 0:13:21]} O-O {[%clk 0:15:15]} 9. Nc3
{[%clk 0:13:28]} Bb7 {[%clk 0:14:34]} 10. Bg5 {[%clk 0:12:29]} Nbd7
{[%clk 0:14:33]} 11. Ne5 {[%clk 0:12:11]} h6 {[%clk 0:13:54]} 12. Bf4
{[%clk 0:11:54]} c6 {[%clk 0:12:31]} 13. Rfd1 {[%clk 0:11:03]} Re8
{[%clk 0:11:50]} 14. e4 {[%clk 0:10:11]} Nf8 {[%clk 0:10:13]} 15. Rac1
{[%clk 0:09:50]} Ne6 {[%clk 0:10:03]} 16. Be3 {[%clk 0:09:53]} Rc8
{[%clk 0:09:54]} 17. exd5 cxd5 {[%clk 0:09:49]} 18. Qb3 {[%clk 0:05:53]} a6
{[%clk 0:08:47]} 19. Ne2 {[%clk 0:05:16]} Qd6 {[%clk 0:08:01]} 20. Nf4
{[%clk 0:04:46]} Ng5 {[%clk 0:07:46]} 21. Nfd3 {[%clk 0:04:38]} Rxc1
{[%clk 0:06:45]} 22. Rxc1 {[%clk 0:04:19]} Rc8 {[%clk 0:06:40]} 23. Re1
{[%clk 0:04:25]} Ne6 {[%clk 0:06:11]} 24. Bh3 {[%clk 0:03:28]} Re8
{[%clk 0:05:00]} 25. a3 {[%clk 0:03:27]} a5 {[%clk 0:04:55]} 26. Qa4
{[%clk 0:02:56]} Ra8 {[%clk 0:03:50]} 27. Nf4 {[%clk 0:01:49]} Ng5
{[%clk 0:03:35]} 28. Bg2 {[%clk 0:01:57]} Bf8 {[%clk 0:03:28]} 29. Ne2
{[%clk 0:01:32]} Ne6 {[%clk 0:03:10]} 30. Nc3 {[%clk 0:01:38]} Qd8
{[%clk 0:02:32]} 31. Qb3 {[%clk 0:01:32]} Rb8 {[%clk 0:01:54]} 32. Rc1
{[%clk 0:00:58]} Ba8 {[%clk 0:01:34]} 33. Qb5 {[%clk 0:00:56]} Qe8
{[%clk 0:01:20]} 34. Bf1 {[%clk 0:00:28]} Qxb5 {[%clk 0:01:24]} 35. Nxb5
{[%clk 0:00:32]} Bb7 {[%clk 0:01:25]} 36. Na7 {[%clk 0:00:33]} Ra8
{[%clk 0:01:14]} 37. Nac6 {[%clk 0:00:21]} Bd6 {[%clk 0:01:03]} 38. Nd3
{[%clk 0:00:16]} Rc8 {[%clk 0:00:57]} 39. Na7 {[%clk 0:00:24]} Rxc1
{[%clk 0:01:00]} 40. Nxc1 {[%clk 0:00:33]} Nc7 {[%clk 0:00:36]} 41. Nb5
{[%clk 0:00:38]} Nxb5 {[%clk 0:00:36]} 42. Bxb5 {[%clk 0:00:46]} Kf8
{[%clk 0:00:38]} 43. Ne2 {[%clk 0:00:49]} Ke7 {[%clk 0:00:31]} 44. Bf4
{[%clk 0:00:57]} g5 {[%clk 0:00:18]} 45. Bxd6+ Kxd6 {[%clk 0:00:28]} 46. f3
{[%clk 0:01:07]} Bc6 {[%clk 0:00:35]} 47. Bd3 {[%clk 0:01:15]} Bd7
{[%clk 0:00:30]} 48. Kf2 {[%clk 0:01:23]} Ne8 {[%clk 0:00:33]} 49. Nc3
{[%clk 0:01:27]} Nc7 {[%clk 0:00:43]} 50. h4 {[%clk 0:01:24]} Ne6
{[%clk 0:00:37]} 51. Ke3 {[%clk 0:01:28]} f6 {[%clk 0:00:36]} 52. Nd1
{[%clk 0:01:09]} Ng7 {[%clk 0:00:44]} 53. Kf2 {[%clk 0:01:06]} Bf5
{[%clk 0:00:46]} 54. Be2 {[%clk 0:01:05]} Ne6 {[%clk 0:00:54]} 55. Ke3
{[%clk 0:01:11]} Bh7 {[%clk 0:01:01]} 56. Bf1 {[%clk 0:01:13]} Bg6
{[%clk 0:00:57]} 57. Bh3 {[%clk 0:01:16]} Nc7 {[%clk 0:01:06]} 58. Nc3
{[%clk 0:01:14]} Bh7 {[%clk 0:01:13]} 59. Bf1 {[%clk 0:00:43]} Kc6
{[%clk 0:01:22]} 60. Be2 {[%clk 0:00:40]} Bc2 {[%clk 0:01:22]} 61. Kd2
{[%clk 0:00:25]} Bh7 {[%clk 0:01:30]} 62. Bd1 {[%clk 0:00:32]} Kd6
{[%clk 0:01:33]} 63. Ba4 {[%clk 0:00:37]} Ne6 {[%clk 0:01:40]} 64. Ke3
{[%clk 0:00:40]} Ng7 {[%clk 0:01:48]} 65. Nb5+ {[%clk 0:00:33]} Ke7
{[%clk 0:01:48]} 66. hxg5 {[%clk 0:00:17]} hxg5 {[%clk 0:01:38]} 67. g4
{[%clk 0:00:18]} Ne6 {[%clk 0:01:40]} 68. Nc3 {[%clk 0:00:16]} Kd6
{[%clk 0:01:42]} 69. Ke4 Ke5+ 1/2-1/2

[Event "Russiarapid"]
[Site "?"]
[Date "2016.10.03"]
[Round "8.16"]
[White "Sakaev, Konstantin"]
[Black "Potapov, Pavel"]
[Result "1-0"]
[LiveChessVersion "1.4.4"]
[BlackElo "2503"]
[WhiteElo "2623"]

1. d4 {[%clk 0:15:19]} f5 {[%clk 0:15:17]} 2. Nf3 {[%clk 0:15:27]} Nf6
{[%clk 0:15:24]} 3. c4 {[%clk 0:15:32]} g6 {[%clk 0:15:30]} 4. e3
{[%clk 0:15:39]} d6 {[%clk 0:15:31]} 5. b4 {[%clk 0:15:46]} e5 {[%clk 0:15:00]}
6. dxe5 {[%clk 0:13:46]} dxe5 {[%clk 0:15:08]} 7. Qb3 {[%clk 0:12:10]} a5
{[%clk 0:11:34]} 8. Nxe5 {[%clk 0:09:59]} Bxb4+ {[%clk 0:11:37]} 9. Bd2
{[%clk 0:10:01]} Qe7 {[%clk 0:11:20]} 10. Nd3 {[%clk 0:09:56]} Bxd2+
{[%clk 0:10:57]} 11. Nxd2 {[%clk 0:10:05]} Nc6 {[%clk 0:10:51]} 12. Be2
{[%clk 0:09:38]} O-O {[%clk 0:08:58]} 13. O-O {[%clk 0:09:45]} Nb4
{[%clk 0:07:28]} 14. Nf4 {[%clk 0:09:34]} Kg7 {[%clk 0:07:14]} 15. Qc3
{[%clk 0:08:27]} b6 {[%clk 0:05:46]} 16. Bf3 {[%clk 0:07:10]} Rb8
{[%clk 0:05:55]} 17. Rfd1 {[%clk 0:06:36]} g5 {[%clk 0:05:28]} 18. Nd5
{[%clk 0:04:28]} Nbxd5 {[%clk 0:05:19]} 19. Bxd5 {[%clk 0:04:23]} Qb4
{[%clk 0:04:31]} 20. Qe5 {[%clk 0:03:08]} Qd6 {[%clk 0:04:35]} 21. Qxd6
{[%clk 0:03:05]} cxd6 {[%clk 0:04:43]} 22. Bc6 {[%clk 0:03:13]} Be6
{[%clk 0:04:30]} 23. Bb5 {[%clk 0:01:21]} Rfc8 {[%clk 0:03:50]} 24. Nf3
{[%clk 0:01:12]} Bxc4 {[%clk 0:03:26]} 25. Bxc4 {[%clk 0:01:15]} Rxc4
{[%clk 0:03:34]} 26. Nxg5 {[%clk 0:01:01]} d5 {[%clk 0:02:02]} 27. Ne6+
{[%clk 0:01:10]} Kf7 {[%clk 0:02:08]} 28. Nd4 {[%clk 0:01:17]} Kg6
{[%clk 0:01:51]} 29. Rab1 {[%clk 0:01:25]} a4 {[%clk 0:01:44]} 30. f3
{[%clk 0:00:49]} Rc3 {[%clk 0:01:42]} 31. Kf2 {[%clk 0:00:35]} b5
{[%clk 0:01:41]} 32. Rb4 {[%clk 0:00:39]} Re8 {[%clk 0:01:16]} 33. Re1
{[%clk 0:00:27]} Ra3 {[%clk 0:01:11]} 34. Rb2 {[%clk 0:00:21]} b4
{[%clk 0:00:51]} 35. Nc2 {[%clk 0:00:18]} Rc3 {[%clk 0:01:00]} 36. Nxb4
{[%clk 0:00:22]} Rb8 {[%clk 0:00:43]} 37. Reb1 {[%clk 0:00:24]} a3
{[%clk 0:00:42]} 38. Rb3 {[%clk 0:00:31]} Rc4 {[%clk 0:00:36]} 39. Ke2
{[%clk 0:00:23]} f4 {[%clk 0:00:25]} 40. exf4 {[%clk 0:00:22]} Re8+
{[%clk 0:00:17]} 41. Kd2 {[%clk 0:00:17]} Rxf4 {[%clk 0:00:22]} 42. Rxa3
{[%clk 0:00:21]} Re6 {[%clk 0:00:20]} 43. Nd3 {[%clk 0:00:25]} Rf5
{[%clk 0:00:20]} 44. Rb4 {[%clk 0:00:29]} Kh6 {[%clk 0:00:17]} 45. Rf4
{[%clk 0:00:31]} Rg5 {[%clk 0:00:18]} 46. g4 {[%clk 0:00:35]} Rg8
{[%clk 0:00:22]} 47. h4 {[%clk 0:00:43]} Kg6 {[%clk 0:00:28]} 48. Rf5
{[%clk 0:00:48]} Rb6 {[%clk 0:00:31]} 49. Ne5+ {[%clk 0:00:35]} Kg7
{[%clk 0:00:26]} 50. Ra7+ {[%clk 0:00:43]} 1-0